| Tag |
First Indicator |
Second Indicator |
Subfields |
| LEADER |
00000cam a2200000 4500 |
| 001 |
in00001908217 |
| 006 |
m | d | |
| 007 |
cr |n||||||||n |
| 008 |
810811s1796 wlk|||| s 00||||wel d |
| 005 |
20260413210842.1 |
| 035 |
|
|
|a (CStRLIN)ESTCT127511
|
| 040 |
|
|
|a Uk-ES
|c Uk-ES
|d CStRLIN
|d Thomson Gale
|d UtOrBLW
|
| 100 |
0 |
|
|a J. H.
|
| 245 |
1 |
0 |
|a Marwnad er coffadwriaeth am yr enwog Mr. Gryffydd Morgans, or Clynhir ... 1795. Gan J. H. ac O. D.
|
| 264 |
|
1 |
|a Abartawe :
|b Argraphwyd gan S. Llewelyn,
|c [1796]
|
| 300 |
|
|
|a 9, 1 unnumbered page ;
|c 12⁰.
|
| 336 |
|
|
|a text
|b txt
|2 rdacontent
|
| 337 |
|
|
|a computer
|b c
|2 rdamedia
|
| 338 |
|
|
|a online resource
|b cr
|2 rdacarrier
|
| 500 |
|
|
|a Vertical chain lines.
|
| 500 |
|
|
|a Reproduction of original from the British Library.
|
| 510 |
4 |
|
|a English Short Title Catalog,
|c ESTCT127511.
|
| 533 |
|
|
|a Electronic reproduction.
|b Farmington Hills, Mich. :
|c Thomson Gale,
|d 2003.
|n Available via the World Wide Web.
|n Access limited by licensing agreements
|7 s2003 miunns
|
| 500 |
|
|
|a Electronic resource.
|
| 700 |
0 |
|
|a O. D.
|
| 830 |
|
0 |
|a Eighteenth century collections online.
|
| 856 |
4 |
0 |
|u http://proxy.library.tamu.edu/login?url=https://galenet.galegroup.com/servlet/ECCO?c=1&stp=Author&ste=11&af=BN&ae=T127511&tiPG=1&dd=0&dc=flc&docNum=CW113954004&vrsn=1.0&srchtp=a&d4=0.33&n=10&SU=0LRK&locID=txshracd2898
|z Full text online
|t 0
|
| 999 |
|
|
|a MARS
|
| 999 |
f |
f |
|s 6a930e81-a39d-3a72-8d6c-78f2ec6b7e74
|i 7e3c7b64-746f-32ff-9fc0-0aa1a2bffc6f
|t 0
|
| 952 |
f |
f |
|a Texas A&M University
|b College Station
|c Electronic Resources
|s www_evans
|d Available Online
|t 0
|h No information provided
|
| 998 |
f |
f |
|t 0
|l Available Online
|